ARRUPE JESUIT UNIVERSITY

CORONAVIRUS -STOP THE SPREAD - CLEAN,DISINFECT,COVER

Church unity and the papal office : (Record no. 126677)

MARC details
000 -LEADER
fixed length control field 01143cam a22002654a 4500
001 - CONTROL NUMBER
control field 12241239
003 - CONTROL NUMBER IDENTIFIER
control field ARRUPE
005 - DATE AND TIME OF LATEST TRANSACTION
control field 20170817091908.0
008 - FIXED-LENGTH DATA ELEMENTS--GENERAL INFORMATION
fixed length control field 001127s2001 miu b 000 0 eng
010 ## - LIBRARY OF CONGRESS CONTROL NUMBER
LC control number 00067684
020 ## - INTERNATIONAL STANDARD BOOK NUMBER
International Standard Book Number 0802848028 (alk. paper)
040 ## - CATALOGING SOURCE
Original cataloging agency DLC
Transcribing agency DLC
Modifying agency DLC
042 ## - AUTHENTICATION CODE
Authentication code pcc
050 00 - LIBRARY OF CONGRESS CALL NUMBER
Classification number BX1784
Item number .C48 2001
082 00 - DEWEY DECIMAL CLASSIFICATION NUMBER
Classification number 262/.13
Edition number 21
300 ## - PHYSICAL DESCRIPTION
Dimensions 23 cm.
245 00 - TITLE STATEMENT
Title Church unity and the papal office :
Remainder of title an ecumenical dialogue on John Paul II's encyclical Ut unum sint (That all may be one) /
Statement of responsibility, etc edited by Carl E. Braaten and Robert W. Jenson.
260 ## - PUBLICATION, DISTRIBUTION, ETC. (IMPRINT)
Place of publication, distribution, etc Grand Rapids, Mich. :
Name of publisher, distributor, etc W.B. Eerdmans,
Date of publication, distribution, etc c2001.
300 ## - PHYSICAL DESCRIPTION
Extent viii, 166 p. ;
504 ## - BIBLIOGRAPHY, ETC. NOTE
Bibliography, etc Includes bibliographical references.
610 20 - SUBJECT ADDED ENTRY--CORPORATE NAME
Corporate name or jurisdiction name as entry element Catholic Church.
Subordinate unit Pope (1978-2005 : John Paul II).
Title of a work Ut unum sint.
9 (RLIN) 34831
650 #0 - SUBJECT ADDED ENTRY--TOPICAL TERM
Topical term or geographic name as entry element Christian union.
9 (RLIN) 34832
700 1# - ADDED ENTRY--PERSONAL NAME
Personal name Braaten, Carl E.,
Dates associated with a name 1929-
9 (RLIN) 34833
700 1# - ADDED ENTRY--PERSONAL NAME
Personal name Jenson, Robert W.
9 (RLIN) 2163
906 ## - LOCAL DATA ELEMENT F, LDF (RLIN)
a 7
b cbc
c orignew
d 1
e ocip
f 20
g y-gencatlg
942 ## - ADDED ENTRY ELEMENTS (KOHA)
Source of classification or shelving scheme Library of Congress Classification
Koha item type Monograph ( Printed materials)
Holdings
Withdrawn status Lost status Source of classification or shelving scheme Damaged status Not for loan Collection code Home library Current library Shelving location Date acquired Total Checkouts Full call number Barcode Date last seen Price effective from Koha item type
    Library of Congress Classification     Main Collection ARRUPE LIBRARY ARRUPE LIBRARY Main Collection 17/08/2017   BX1784 .C48 2001 46500024780 22/11/2017 17/08/2017 Monograph ( Printed materials)

 

Arrupe Library. PO Box MP320 Mt Pleasant, Harare, Zimbabwe
263 242 745411|librarian@aju.ac.zw